Comuni del Veneto con la V - Statistics

Statistiche generali
  • Questo quiz è stato fatto 94 volte
  • Il punteggio medio è 17 su 46
Statistiche sulle risposte
Comune % Corretto
Venezia
91%
Verona
91%
Vicenza
91%
Vo'
68%
Vittorio Veneto
63%
Valdagno
54%
Vigonza
54%
Villafranca di Verona
54%
Vigodarzere
50%
Villafranca Padovana
50%
Valdobbiadene
48%
Villorba
46%
Vedelago
45%
Valdastico
41%
Valle di Cadore
39%
Vigonovo
39%
Val di Zoldo
38%
Vallada Agordina
38%
Vodo di Cadore
38%
Veronella
36%
Volpago del Montello
36%
Voltago Agordino
36%
Vazzola
34%
Vidor
34%
Valli del Pasubio
32%
Valbrenta
30%
Valeggio sul Mincio
30%
Vigo di Cadore
30%
Villanova di Camposampiero
27%
Vestenanova
23%
Vigasio
23%
Villaverla
23%
Velo d'Astico
21%
Villa Bartolomea
21%
Villadose
20%
Villa Estense
20%
Villanova Marchesana
20%
Veggiano
18%
Velo Veronese
18%
Vighizzolo d'Este
18%
Villa del Conte
18%
Villaga
18%
Villamarzana
18%
Villanova del Ghebbo
18%
Val Liona
16%
Vescovana
16%
Nessun quiz corrispondente trovato
Distribuzione punteggi
Percentuale di utenti per punteggio
Percentile per numero di risposta
I tuoi punteggi nel tempo
Non hai fatto questo quiz